MARC
| LEADER | 00000cam a2200000 7i4500 | ||
|---|---|---|---|
| 001 | 0000001703 | ||
| 005 | 20011031.0 | ||
| 090 | 0 | 0 | |a 584.9 |b TRI (1994) |
| 245 | 0 | 0 | |a TRIAL on the potential use of vetiver grass for engineering purposes |
| 260 | 0 | 0 | |a (Kuala Lumpur : |b s.l. , |c 1994) |
| 300 | |a Various pagings p. : |b col. ill. ; |c 30 cm. | ||
| 500 | 0 | 0 | |a Unpublished report |
| 650 | 0 | 0 | |a Grasses |
| 998 | |a JPSM | ||
| 999 | |a 0000002567 |b Monograph |c Open Shelf |e Default branch | ||